[Event "Turkish Club Cup 2019"]
[Site "Konya"]
[Date "2019.07.17"]
[Round "3"]
[White "Sahbaz, Bartu"]
[Black "Ince, Eray"]
[Result "0-1"]
[WhiteElo "1237"]
[BlackElo "1459"]
[Annotator "NA"]
[PlyCount "54"]
[EventDate "2019.07.16"]
[EventType "team-tourn"]
[EventCountry "TUR"]
[SourceTitle "playchess.com"]
[Source "ChessBase"]
[SourceQuality "1"]
[TimeControl "5400+30"]

1. d4 {[%emt 0:00:30]} g6 {[%emt 0:00:30]} 2. Nf3 {[%emt 0:00:30]} Bg7 {[%emt 0:00:00]} 3. e4 {[%emt 0:00:30]} d6 {[%emt 0:00:00]} 4. Bc4 {[%emt 0:01:30]} Nf6 {[%emt 0:00:30]} 5. Qe2 {[%emt 0:01:30]} O-O {[%emt 0:01:30]} 6. O-O {[%emt 0:00:30]} Bg4 {[%emt 0:00:30]} 7. Nbd2 {[%emt 0:04:30]} Nc6 {[%emt 0:02:30]} 8. c3 {[%emt 0:00:30]} e5 {[%emt 0:00:30]} 9. h3 {[%emt 0:00:30]} Bxf3 {[%emt 0:00:30]} 10. Nxf3 {[%emt 0:00:30]} exd4 {[%emt 0:00:30]} 11. Nxd4 {[%emt 0:01:30]} Nxd4 {[%emt 0:00:30]} 12. cxd4 {[%emt 0:00:30]} d5 {[%emt 0:00:30]} 13. e5 {[%emt 0:12:30]} Re8 {[%emt 0:11:30]} 14. Bb3 {[%emt 0:01:30]} Ne4 {[%emt 0:02:30]} 15. h4 {[%emt 0:07:30]} Qxh4 {[%emt 0:01:30]} 16. Bxd5 {[%emt 0:03:30]} Ng3 {[%emt 0:00:00]} 17. fxg3 {[%emt 0:00:30]} Qxd4+ {[%emt 0:00:00]} 18. Qf2 {[%emt 0:02:30]} Qxd5 {[%emt 0:00:30]} 19. Bf4 {[%emt 0:00:30]} Bxe5 {[%emt 0:02:30]} 20. Bxe5 {[%emt 0:03:30]} Rxe5 {[%emt 0:00:30]} 21. Rad1 {[%emt 0:00:30]} Qe6 {[%emt 0:06:30]} 22. Rc1 {[%emt 0:03:30]} Rf5 {[%emt 0:00:30]} 23. Qc2 {[%emt 0:01:30]} Qe3+ {[%emt 0:00:30]} 24. Rf2 {[%emt 0:03:30]} Rxf2 {[%emt 0:00:30]} 25. Qxf2 {[%emt 0:00:30]} Qxc1+ {[%emt 0:00:00]} 26. Kh2 {[%emt 0:00:30]} Rd8 {[%emt 0:00:00]} 27. g4 {[%emt 0:00:00]} Qh6+ {[%emt 0:00:30]} 0-1

[Event "Turkish Club Cup 2019"]
[Site "Konya"]
[Date "2019.07.17"]
[Round "3"]
[White "Sarac, Ayca"]
[Black "Temel, Burcu Melis"]
[Result "0-1"]
[WhiteElo "1142"]
[BlackElo "1790"]
[Annotator "NA"]
[PlyCount "52"]
[EventDate "2019.07.16"]
[EventType "team-tourn"]
[EventCountry "TUR"]
[SourceTitle "playchess.com"]
[Source "ChessBase"]
[SourceQuality "1"]
[TimeControl "5400+30"]

1. d4 {[%emt 0:00:30]} e6 {[%emt 0:01:30]} 2. c4 {[%emt 0:00:30]} d5 {[%emt 0:00:30]} 3. Nc3 {[%emt 0:03:30]} f5 {[%emt 0:00:30]} 4. Nf3 {[%emt 0:01:30]} Nf6 {[%emt 0:00:00]} 5. Bg5 {[%emt 0:00:30]} c6 {[%emt 0:00:00]} 6. e3 {[%emt 0:00:30]} Bd6 {[%emt 0:00:30]} 7. Qc2 {[%emt 0:03:30]} O-O {[%emt 0:02:30]} 8. Bd3 {[%emt 0:02:30]} h6 {[%emt 0:01:30]} 9. Bh4 {[%emt 0:01:30]} Qe8 {[%emt 0:11:30]} 10. O-O-O {[%emt 0:09:30]} Na6 {[%emt 0:02:30]} 11. a3 {[%emt 0:04:30]} dxc4 {[%emt 0:00:30]} 12. Bxc4 {[%emt 0:01:30]} b5 {[%emt 0:00:30]} 13. Bb3 {[%emt 0:05:30]} b4 {[%emt 0:00:30]} 14. axb4 {[%emt 0:00:30]} Nxb4 {[%emt 0:00:30]} 15. Qe2 {[%emt 0:00:30]} Nfd5 {[%emt 0:00:30]} 16. Bg3 {[%emt 0:04:30]} Be7 {[%emt 0:07:30]} 17. Ne5 {[%emt 0:03:30]} a5 {[%emt 0:07:30]} 18. Ba4 {[%emt 0:03:30]} Ba6 {[%emt 0:08:30]} 19. Qd2 {[%emt 0:04:30]} Bb5 {[%emt 0:01:30]} 20. b3 {[%emt 0:07:30]} Nxc3 {[%emt 0:00:30]} 21. Rde1 {[%emt 0:24:01]} Bxa4 {[%emt 0:02:30]} 22. bxa4 {[%emt 0:00:22]} Nba2+ {[%emt 0:02:30]} 23. Kc2 {[%emt 0:01:08]} c5 {[%emt 0:00:30]} 24. Kd3 {[%emt 0:04:35]} Qxa4 {[%emt 0:02:30]} 25. Nc4 {[%emt 0:01:31]} Rac8 {[%emt 0:02:30]} 26. Ra1 {[%emt 0:01:50]} cxd4 {[%emt 0:00:30]} 0-1

[Event "Turkish Club Cup 2019"]
[Site "Konya"]
[Date "2019.07.17"]
[Round "3"]
[White "Vanlioglu, Ece"]
[Black "Yorgun, Yaren Naz"]
[Result "0-1"]
[WhiteElo "1096"]
[BlackElo "1819"]
[Annotator "NA"]
[PlyCount "104"]
[EventDate "2019.07.16"]
[EventType "team-tourn"]
[EventCountry "TUR"]
[SourceTitle "playchess.com"]
[Source "ChessBase"]
[SourceQuality "1"]
[TimeControl "5400+30"]

1. e4 e6 2. Nf3 d5 3. Nc3 Nf6 4. e5 Nfd7 5. d4 c5 6. dxc5 Bxc5 7. Bd3 Be7 8. O-O Nc6 9. Bf4 a6 10. Qe2 O-O 11. Rfd1 Re8 12. h3 Nf8 13. a3 Bd7 14. Nh2 f6 15. Ng4 Nxe5 16. Nxe5 fxe5 17. Bxe5 Bf6 18. Re1 Bc6 19. Qh5 Bxe5 20. Rxe5 Qf6 21. Rae1 {[%emt 0:53:30]} Re7 {[%emt 0:58:30]} 22. Ne2 {[%emt 0:01:30]} g6 {[%emt 0:00:30]} 23. Qg5 {[%emt 0:00:30]} Qxg5 {[%emt 0:04:30]} 24. Rxg5 {[%emt 0:00:30]} e5 {[%emt 0:09:30]} 25. Nd4 {[%emt 0:01:30]} e4 {[%emt 0:02:30]} 26. Nf5 {[%emt 0:01:30]} Ree8 {[%emt 0:02:30]} 27. Be2 {[%emt 0:05:30]} Ne6 {[%emt 0:02:30]} 28. Rg4 {[%emt 0:01:30]} Bd7 {[%emt 0:02:30]} 29. Nd6 {[%emt 0:01:30]} Rf8 {[%emt 0:08:01]} 30. c4 {[%emt 0:01:30]} Nf4 {[%emt 0:03:16]} 31. Rg5 {[%emt 0:00:30]} Bc6 {[%emt 0:07:10]} 32. cxd5 {[%emt 0:01:30]} Bxd5 {[%emt 0:00:10]} 33. Bg4 {[%emt 0:00:30]} h6 {[%emt 0:01:52]} 34. Rxd5 {[%emt 0:02:30]} Nxd5 {[%emt 0:00:30]} 35. Be6+ {[%emt 0:00:30]} Kg7 {[%emt 0:00:30]} 36. Bxd5 {[%emt 0:00:30]} Rad8 {[%emt 0:00:54]} 37. Bxb7 {[%emt 0:00:30]} Rxd6 {[%emt 0:00:04]} 38. Rxe4 {[%emt 0:00:30]} Rd1+ {[%emt 0:01:25]} 39. Kh2 {[%emt 0:00:00]} Rxf2 {[%emt 0:00:00]} 40. b4 {[%emt 0:01:00]} Rd6 {[%emt 0:00:58]} 41. a4 {[%emt 0:00:30]} Rf7 {[%emt 0:00:36]} 42. Ba8 {[%emt 0:00:30]} Rf8 {[%emt 0:01:50]} 43. Bb7 {[%emt 0:00:00]} Rb8 {[%emt 0:00:12]} 44. Re7+ {[%emt 0:00:00]} Kf6 {[%emt 0:00:01]} 45. Rh7 {[%emt 0:00:30]} Rb6 {[%emt 0:00:45]} 46. Bf3 {[%emt 0:00:30]} Rxb4 {[%emt 0:00:16]} 47. Rxh6 {[%emt 0:00:30]} Kg7 {[%emt 0:00:06]} 48. Rh5 {[%emt 0:01:30]} gxh5 {[%emt 0:00:30]} 49. Bxh5 {[%emt 0:00:30]} Rxa4 {[%emt 0:00:00]} 50. g4 {[%emt 0:00:00]} Ra3 {[%emt 0:00:00]} 51. h4 {[%emt 0:00:00]} Rb2+ {[%emt 0:00:19]} 52. Kg1 {[%emt 0:00:00]} Ra1# {[%emt 0:00:00]} 0-1

[Event "Turkish Club Cup 2019"]
[Site "Konya"]
[Date "2019.07.18"]
[Round "4"]
[White "Dogan, Ali Ekber"]
[Black "Ersahin, Bulent"]
[Result "1-0"]
[WhiteElo "2200"]
[BlackElo "2179"]
[Annotator "NA"]
[PlyCount "65"]
[EventDate "2019.07.16"]
[EventType "team-tourn"]
[EventCountry "TUR"]
[SourceTitle "playchess.com"]
[Source "ChessBase"]
[SourceQuality "1"]
[TimeControl "5400+30"]

1. d4 {[%emt 0:00:30]} Nf6 {[%emt 0:00:30]} 2. c4 {[%emt 0:00:00]} c5 {[%emt 0:00:30]} 3. d5 {[%emt 0:00:00]} e6 {[%emt 0:00:30]} 4. g3 {[%emt 0:00:30]} exd5 {[%emt 0:00:00]} 5. cxd5 {[%emt 0:00:00]} d6 {[%emt 0:00:00]} 6. Nc3 {[%emt 0:00:00]} g6 {[%emt 0:00:00]} 7. Bg2 {[%emt 0:00:00]} Bg7 {[%emt 0:00:00]} 8. Nf3 {[%emt 0:00:00]} O-O {[%emt 0:00:00]} 9. O-O {[%emt 0:00:00]} Re8 {[%emt 0:00:00]} 10. Nd2 {[%emt 0:00:00]} a6 {[%emt 0:00:00]} 11. a4 {[%emt 0:00:30]} Nbd7 {[%emt 0:00:00]} 12. h3 {[%emt 0:00:30]} Rb8 {[%emt 0:01:30]} 13. Nc4 {[%emt 0:00:30]} Ne5 {[%emt 0:00:00]} 14. Na3 {[%emt 0:00:00]} Nh5 {[%emt 0:02:00]} 15. e4 {[%emt 0:00:00]} Bd7 {[%emt 0:00:30]} 16. g4 {[%emt 0:00:30]} Nf6 {[%emt 0:06:30]} 17. g5 {[%emt 0:08:30]} Nh5 {[%emt 0:01:30]} 18. f4 {[%emt 0:00:30]} b5 {[%emt 0:00:30]} 19. fxe5 {[%emt 0:02:30]} b4 {[%emt 0:04:30]} 20. Nc4 {[%emt 0:00:30]} bxc3 {[%emt 0:00:30]} 21. bxc3 {[%emt 0:00:30]} Rxe5 {[%emt 0:07:30]} 22. Qf3 {[%emt 0:26:30]} Re7 {[%emt 0:09:30]} 23. Nxd6 {[%emt 0:13:30]} Bxh3 {[%emt 0:13:30]} 24. Nxf7 {[%emt 0:02:30]} Bxg2 {[%emt 0:00:30]} 25. Nxd8 {[%emt 0:12:30]} Bxf3 {[%emt 0:00:30]} 26. Nc6 {[%emt 0:00:00]} Rf7 {[%emt 0:01:30]} 27. Nxb8 {[%emt 0:00:00]} Bxc3 {[%emt 0:00:30]} 28. Ra3 {[%emt 0:00:30]} Ng3 {[%emt 0:09:30]} 29. Rxc3 {[%emt 0:21:38]} Ne2+ {[%emt 0:00:00]} 30. Kh2 {[%emt 0:00:52]} Nxc3 {[%emt 0:00:00]} 31. d6 {[%emt 0:00:10]} Be2 {[%emt 0:15:30]} 32. Rxf7 {[%emt 0:02:31]} Kxf7 {[%emt 0:00:30]} 33. Bb2 {[%emt 0:00:00]} 1-0

[Event "Turkish Club Cup 2019"]
[Site "Konya"]
[Date "2019.07.18"]
[Round "4"]
[White "Gokcek, Kursat Bugra"]
[Black "Guner, Bulent"]
[Result "0-1"]
[WhiteElo "2150"]
[BlackElo "1979"]
[Annotator "NA"]
[PlyCount "70"]
[EventDate "2019.07.16"]
[EventType "team-tourn"]
[EventCountry "TUR"]
[SourceTitle "playchess.com"]
[Source "ChessBase"]
[SourceQuality "1"]
[TimeControl "5400+30"]

1. d4 {[%emt 0:00:30]} Nf6 {[%emt 0:00:30]} 2. Bf4 {[%emt 0:00:00]} b6 {[%emt 0:04:30]} 3. e3 {[%emt 0:00:00]} Bb7 {[%emt 0:00:30]} 4. Nd2 {[%emt 0:00:30]} e6 {[%emt 0:00:30]} 5. h3 {[%emt 0:00:30]} Be7 {[%emt 0:00:30]} 6. Ngf3 {[%emt 0:00:00]} O-O {[%emt 0:03:30]} 7. Bd3 {[%emt 0:00:00]} d6 {[%emt 0:01:30]} 8. O-O {[%emt 0:00:30]} c5 {[%emt 0:01:30]} 9. c3 {[%emt 0:00:00]} Nbd7 {[%emt 0:00:00]} 10. Bh2 {[%emt 0:00:00]} Re8 {[%emt 0:02:00]} 11. a4 {[%emt 0:04:30]} a6 {[%emt 0:06:30]} 12. Re1 {[%emt 0:00:00]} Bf8 {[%emt 0:00:30]} 13. Nc4 {[%emt 0:11:00]} Qc7 {[%emt 0:00:30]} 14. Rc1 {[%emt 0:06:30]} b5 {[%emt 0:05:30]} 15. axb5 {[%emt 0:05:30]} axb5 {[%emt 0:00:30]} 16. Na3 {[%emt 0:00:30]} c4 {[%emt 0:01:30]} 17. Bb1 {[%emt 0:11:30]} Qb6 {[%emt 0:09:30]} 18. e4 {[%emt 0:05:30]} e5 {[%emt 0:00:30]} 19. d5 {[%emt 0:09:30]} Nc5 {[%emt 0:01:30]} 20. Qe2 {[%emt 0:00:30]} g6 {[%emt 0:03:30]} 21. Qe3 {[%emt 0:04:30]} Ba6 {[%emt 0:04:30]} 22. Nd2 {[%emt 0:08:30]} Rab8 {[%emt 0:01:30]} 23. Bc2 {[%emt 0:03:30]} Rec8 {[%emt 0:02:30]} 24. Kh1 {[%emt 0:03:30]} Ncd7 {[%emt 0:01:30]} 25. Qf3 {[%emt 0:06:55]} Bh6 {[%emt 0:00:30]} 26. Rcd1 {[%emt 0:00:27]} b4 {[%emt 0:01:30]} 27. cxb4 {[%emt 0:00:39]} Qxb4 {[%emt 0:00:30]} 28. Ndb1 {[%emt 0:00:00]} Qxb2 {[%emt 0:00:30]} 29. g4 {[%emt 0:00:15]} Bg7 {[%emt 0:05:30]} 30. Rg1 {[%emt 0:03:29]} Nc5 {[%emt 0:00:30]} 31. Bg3 {[%emt 0:00:32]} Nb3 {[%emt 0:05:30]} 32. Bh4 {[%emt 0:01:20]} Ne8 {[%emt 0:01:30]} 33. Bg5 {[%emt 0:00:50]} Nd4 {[%emt 0:04:30]} 34. Qg2 {[%emt 0:00:31]} c3 {[%emt 0:02:30]} 35. Rc1 {[%emt 0:00:56]} Be2 {[%emt 0:01:30]} 0-1

[Event "Turkish Club Cup 2019"]
[Site "Konya"]
[Date "2019.07.18"]
[Round "4"]
[White "Ererdem, Gani Eren"]
[Black "Sahinoglu, Hakan"]
[Result "1/2-1/2"]
[WhiteElo "2140"]
[BlackElo "1844"]
[Annotator "TA"]
[PlyCount "83"]
[EventDate "2019.07.16"]
[EventType "team-tourn"]
[EventCountry "TUR"]
[SourceTitle "playchess.com"]
[Source "ChessBase"]
[SourceQuality "1"]

{[%evp 17,83,0,33,25,22,11,29,22,55,50,85,83,92,79,108,111,149,146,177,172,207,211,239,226,263,255,219,172,201,143,138,126,131,115,116,73,53,68,83,0,0,0,0,0,0,0,0,0,0,0,0,0,0,0,0,0,0,0,0,0,0,0,0,0,0,0,0,0]} 1. d4 d5 2. Nf3 Nf6 3. c4 e6 4. g3 Bb4+ 5. Bd2 Be7 6. Bg2 O-O 7. O-O c6 8. Qc2 Nbd7 {[%cal Bb8d7,Bd7f6,Bf6e4,Be4c3][%mdl 32]} 9. Rd1 Ne4 10. Nc3 {E11: Bogo-Indian} (10. Bf4 g5 11. Bc1 f5 12. Nc3 Bf6 13. e3 Rf7 14. b3 b6 15. Bb2 Bb7 16. Rac1 Qe8 17. Ne2 Rc8 {½-½ (53) Caruana,F (2802)-Nakamura,H (2786) chess.com INT 2017}) 10... f5 11. b3 g5 12. Bc1 {White has an edge.} g4 $146 ({Predecessor:} 12... Bf6 13. Bb2 Bg7 14. Rac1 Qf6 15. e3 Qh6 16. Ne2 b6 17. Ba3 Bb7 18. Bxf8 Rxf8 {1-0 (37) Wojtkiewicz,A (2550)-Murshed,N (2475) London 1990}) 13. Ne1 Ndf6 14. Bh6 Rf7 15. Nd3 Nxc3 16. Qxc3 Bd6 17. Ne5 Bxe5 18. dxe5 Ne4 19. Qe3 {Strongly threatening f3.} Qb6 {[#]} 20. Qf4 $1 Nc3 21. Rd2 Bd7 22. Kh1 c5 23. Rc1 d4 24. e3 {[%cal Re3d4]} Bc6 25. exd4 cxd4 26. Bxc6 ({Of course not} 26. Rxd4 $6 Ne2 $11) ({Inferior is} 26. Qxd4 Qxd4 27. Rxd4 Ne2 $11) 26... Qxc6+ 27. Kg1 Rd7 $1 28. Rxc3 ({White should try} 28. h3 $16) 28... dxc3 $11 {The position is equal.} 29. Qg5+ Kh8 30. Qf6+ Kg8 {[#]} 31. Rd6 $1 {[%mdl 512]} Qe4 $1 (31... Rxd6 32. Qg7#) 32. Rxd7 {[%csl Gd7,Gh6][%cal Rf6g7]} Qe1+ 33. Kg2 {[%csl Gd7,Gh6][%cal Rf6g7]} Qe4+ 34. Kf1 {[%csl Gd7,Gh6][%cal Rf6g7]} Qh1+ {[%mdl 64] Double Attack} 35. Ke2 {[%csl Gd7,Gh6][%cal Rf6g7]} Qf3+ 36. Ke1 {[%csl Gd7,Gh6][%cal Rf6g7]} Qh1+ {[%mdl 64] Double Attack} 37. Ke2 {[%csl Gd7,Gh6][%cal Rf6g7]} Qf3+ 38. Ke1 {[%csl Gd7,Gh6][%cal Rf6g7]} Qh1+ {[%mdl 64] Double Attack} 39. Ke2 {[%csl Gd7,Gh6][%cal Rf6g7]} Qf3+ 40. Ke1 {[%csl Gd7,Gh6][%cal Rf6g7]} Qh1+ {[%mdl 64] Double Attack} 41. Ke2 {[%csl Gd7,Gh6][%cal Rf6g7]} Qf3+ 42. Ke1 {Accuracy: White = 60%, Black = 54%.} 1/2-1/2

[Event "Turkish Club Cup 2019"]
[Site "Konya"]
[Date "2019.07.18"]
[Round "4"]
[White "Gulden, Egemen"]
[Black "Anil, Ali Fazil"]
[Result "0-1"]
[WhiteElo "2135"]
[BlackElo "1999"]
[Annotator "TA"]
[PlyCount "106"]
[EventDate "2019.07.16"]
[EventType "team-tourn"]
[EventCountry "TUR"]
[SourceTitle "playchess.com"]
[Source "ChessBase"]
[SourceQuality "1"]

{[%evp 12,106,34,22,39,41,39,45,56,38,63,31,35,43,51,-8,0,0,18,11,6,0,0,0,0,0,0,0,0,0,-9,-17,0,0,0,15,7,0,0,0,45,10,61,16,25,0,0,0,45,-37,40,0,8,0,14,26,25,16,100,49,99,90,103,111,177,116,531,181,250,0,509,295,1253,1200,1218,1221,2176,2018,1068,421,527,200,213,111,125,95,77,0,178,41,9,0,13,0,0,-29998,-29999]} 1. e4 c5 2. Nc3 a6 3. Nf3 b5 4. d4 cxd4 5. Nxd4 Bb7 6. Bd3 e6 7. O-O Nf6 {B43: Sicilian: Kan Variation: 5 Nc3} (7... Ne7 8. f4 Nec6 9. Nf3 Be7 10. Be3 d6 11. Qe1 Nd7 12. Rd1 O-O 13. Qg3 Kh8 14. e5 dxe5 15. fxe5 Qc7 {½-½ (41) Movsesian,S (2629)-Iturrizaga Bonelli,E (2637) chess.com INT 2019}) 8. e5 Nd5 9. Nxd5 Bxd5 {White is slightly better.} 10. Qg4 Qc7 11. Bf4 Nc6 12. Nxc6 {Hoping for Nd4.} Bxc6 13. c4 $146 (13. Qg3 $14) ({Predecessor:} 13. Rfe1 Rc8 14. c3 g6 15. Bg5 {½-½ (38) Zhurova,A (1503)-Mikhailina,E (1546) Kallithea 2016}) 13... bxc4 14. Bxc4 g6 15. Rac1 Bg7 16. Qe2 Qb7 17. f3 O-O 18. b3 Rfc8 19. Rfd1 Qb4 20. Bg3 Qa3 21. Rc2 h6 22. Bf2 Bf8 23. h4 h5 24. g4 hxg4 25. fxg4 Qb4 26. Rd4 Qb7 ({Black should play} 26... Bc5 $11) 27. Rf4 Bd5 28. g5 Bxc4 29. bxc4 Bg7 30. Bd4 (30. h5 $1 $14) 30... Rc6 (30... d6 $15 31. Rc1 (31. exd6 e5 $17) 31... Qc6) 31. c5 Qb5 32. Qf2 Qb1+ 33. Kh2 {aiming for h5.} Rf8 34. Qd2 {Strongly threatening Rb2.} Qb8 (34... Qb5 $11) 35. Qe1 (35. Rb2 $16 Qc7 36. Qe3) 35... Qc7 36. Kh3 Qd8 37. Rcf2 Qe7 (37... Rc8 $16) 38. Qe3 (38. Qd1 $18) 38... Rfc8 $2 {[%mdl 8192]} (38... Rcc8 $16) 39. Rc2 $2 (39. Qf3 Rf8 40. h5) 39... Qf8 {[#]} (39... Rf8 $142 40. Rb2 Rc7) 40. Rcf2 $2 (40. h5 $1 {[%mdl 512]} Qd8 (40... gxh5 41. g6) 41. h6) 40... Qe7 $1 $18 41. Kg4 Qf8 $2 (41... Qe8 42. Qf3 (42. Rxf7 Qxf7 43. Rxf7 Kxf7 $16) 42... Rb8) 42. Qf3 Rxc5 43. Rxf7 {[%mdl 64] Double Attack} Qe8 44. Bxc5 Rxc5 45. Qe3 (45. h5 $142) 45... Rd5 46. R7f4 $2 (46. Qf4 {h5 is the strong threat.} a5 47. h5 gxh5+ 48. Kh4 (48. Kxh5 Bxe5 49. Qe4 Qxf7+ 50. Rxf7 Kxf7 $14)) 46... Bxe5 {[#]} 47. Re4 (47. Rf8+ $1 $18 Qxf8 48. Rxf8+ Kxf8 49. Qa3+ Bd6 50. Qxa6) 47... Bg7 48. Rd2 {And now Rxd5 would win.} Rf5 49. Rd6 (49. Rf4 $16) 49... a5 $2 {[#]} (49... Qc8 $1 $11) 50. Qa7 ({White has to play} 50. Qd3 $1 $18) 50... Rf7 $14 {White must now prevent ...Qf8.} 51. Qxa5 Qb8 52. Qb4 Qa7 {( -> ...Qg1+)} 53. Rd2 $2 {[%mdl 8192]} (53. Qe1 $11) 53... Qg1+ 0-1

[Event "Turkish Club Cup 2019"]
[Site "Konya"]
[Date "2019.07.18"]
[Round "4"]
[White "Cetinkaya, Vedat Ali"]
[Black "Mecit, Emre"]
[Result "0-1"]
[WhiteElo "2074"]
[BlackElo "2065"]
[Annotator "NA"]
[PlyCount "82"]
[EventDate "2019.07.16"]
[EventType "team-tourn"]
[EventCountry "TUR"]
[SourceTitle "playchess.com"]
[Source "ChessBase"]
[SourceQuality "1"]
[TimeControl "5400+30"]

1. Nf3 {[%emt 0:00:30]} Nf6 {[%emt 0:00:30]} 2. g3 {[%emt 0:00:30]} g6 {[%emt 0:00:00]} 3. b3 {[%emt 0:02:30]} Bg7 {[%emt 0:00:00]} 4. Bb2 {[%emt 0:00:00]} O-O {[%emt 0:00:30]} 5. Bg2 {[%emt 0:00:00]} c5 {[%emt 0:00:00]} 6. c4 {[%emt 0:00:30]} Nc6 {[%emt 0:00:00]} 7. O-O {[%emt 0:01:30]} d6 {[%emt 0:06:30]} 8. Nc3 {[%emt 0:05:30]} a6 {[%emt 0:00:30]} 9. d3 {[%emt 0:01:30]} Rb8 {[%emt 0:00:30]} 10. Qd2 {[%emt 0:08:30]} b5 {[%emt 0:03:30]} 11. Rfd1 {[%emt 0:00:30]} Re8 {[%emt 0:05:30]} 12. Ng5 {[%emt 0:08:30]} Nd4 {[%emt 0:02:30]} 13. e3 {[%emt 0:00:30]} Ne6 {[%emt 0:00:30]} 14. Nge4 {[%emt 0:04:30]} Bb7 {[%emt 0:03:30]} 15. Nxf6+ {[%emt 0:07:30]} Bxf6 {[%emt 0:04:30]} 16. Nd5 {[%emt 0:00:30]} Bxb2 {[%emt 0:01:30]} 17. Qxb2 {[%emt 0:00:30]} Nc7 {[%emt 0:00:00]} 18. Nf4 {[%emt 0:04:30]} Bxg2 {[%emt 0:02:00]} 19. Kxg2 {[%emt 0:00:30]} Qd7 {[%emt 0:01:30]} 20. Rac1 {[%emt 0:01:30]} Ne6 {[%emt 0:00:30]} 21. Nd5 {[%emt 0:02:30]} Ng5 {[%emt 0:10:30]} 22. Qe2 {[%emt 0:04:30]} Ne6 {[%emt 0:02:30]} 23. f4 {[%emt 0:06:30]} Nc7 {[%emt 0:01:30]} 24. Nc3 {[%emt 0:03:30]} f5 {[%emt 0:05:30]} 25. Qf3 {[%emt 0:02:30]} b4 {[%emt 0:00:30]} 26. Nd5 {[%emt 0:02:30]} Nxd5 {[%emt 0:00:30]} 27. Qxd5+ {[%emt 0:00:00]} e6 {[%emt 0:00:00]} 28. Qf3 {[%emt 0:00:00]} e5 {[%emt 0:01:00]} 29. Qd5+ {[%emt 0:03:30]} Qe6 {[%emt 0:08:30]} 30. Qxe6+ {[%emt 0:00:30]} Rxe6 {[%emt 0:00:00]} 31. Kf2 {[%emt 0:00:30]} a5 {[%emt 0:02:00]} 32. d4 {[%emt 0:01:30]} cxd4 {[%emt 0:01:30]} 33. exd4 {[%emt 0:00:30]} exf4 {[%emt 0:01:30]} 34. gxf4 {[%emt 0:02:30]} Re4 {[%emt 0:00:00]} 35. Kf3 {[%emt 0:00:30]} Rbe8 {[%emt 0:00:00]} 36. Rd3 {[%emt 0:07:27]} Re2 {[%emt 0:01:30]} 37. c5 {[%emt 0:03:26]} Rxh2 {[%emt 0:01:30]} 38. Kg3 {[%emt 0:02:29]} Ree2 {[%emt 0:04:30]} 39. cxd6 {[%emt 0:00:34]} Reg2+ {[%emt 0:01:30]} 40. Kf3 {[%emt 0:00:41]} Rxa2 {[%emt 0:00:30]} 41. Kg3 {[%emt 0:00:12]} h5 {[%emt 0:00:30]} 0-1